汉语写作教程 / (Record no. 29028)

MARC details
000 -LEADER
fixed length control field 01712nam a22003735i 4500
003 - CONTROL NUMBER IDENTIFIER
control field EG-ScBUE
005 - DATE AND TIME OF LATEST TRANSACTION
control field 20201117114228.0
008 - FIXED-LENGTH DATA ELEMENTS--GENERAL INFORMATION
fixed length control field 200219s2018 cc f 000 0 chi d
020 ## - INTERNATIONAL STANDARD BOOK NUMBER
International Standard Book Number 9787561911907
040 ## - CATALOGING SOURCE
Original cataloging agency EG-ScBUE
Language of cataloging eng
Description conventions rda
Transcribing agency EG-ScBUE
Modifying agency EG-ScBUE
041 0# - LANGUAGE CODE
Language code of text/sound track or separate title chi
-- eng
082 04 - DEWEY DECIMAL CLASSIFICATION NUMBER
Classification number 808.04951
Item number HAN
Edition number 22
245 00 - TITLE STATEMENT
Title 汉语写作教程 /
Statement of responsibility, etc 赵建华, 祝秉耀编著. = Han yu xie zuo jiao cheng = Hanyu xiezuo jiaocheng / zhào jiàn huá, zhù bǐng yào biān zhù. = Chinese writing course / edited by Zhao Jianhua, Zhu Bingyao.
246 31 - VARYING FORM OF TITLE
Title proper/short title Han yu xie zuo jiao cheng
246 31 - VARYING FORM OF TITLE
Title proper/short title Hanyu xiezuo jiaocheng
246 31 - VARYING FORM OF TITLE
Title proper/short title Chinese writing course
250 ## - EDITION STATEMENT
Edition statement 第15版 =
Remainder of edition statement Di 15 ban = Fifteenth edition.
264 #1 - PUBLICATION, DISTRIBUTION, ETC. (IMPRINT)
Place of publication, distribution, etc Beijing :
Name of publisher, distributor, etc Beijing Language and Culture University Press,
Date of publication, distribution, etc 2018.
264 #1 - PUBLICATION, DISTRIBUTION, ETC. (IMPRINT)
Place of publication, distribution, etc 北京 :
Name of publisher, distributor, etc 北京语言大学出版社 = Beijing yu yan da xue chu ban she,
Date of publication, distribution, etc 2018.
300 ## - PHYSICAL DESCRIPTION
Extent 291 pages ;
Dimensions 24 cm.
336 ## - CONTENT TYPE
Content type term text
Content type code txt
Source rdacontent
337 ## - MEDIA TYPE
Media type term unmediated
Media type code n
Source rdamedia
338 ## - CARRIER TYPE
Carrier type term volume
Carrier type code nc
Source rdacarrier
490 0# - SERIES STATEMENT
Series statement 对外汉语本科系列教材.
-- 语言技能类 (二年级) =
-- Dui wai Han yu ben ke xi lie jiao cai.
-- Yu yan ji neng lei (er nian ji) =
-- Series of textbooks for undergraduate Chinese as a foreign language.
-- Language skills (second grade)
521 ## - TARGET AUDIENCE NOTE
Target audience note For grade 2.
546 ## - LANGUAGE NOTE
Language note New words in Chinese and English.
650 #7 - SUBJECT ADDED ENTRY--TOPICAL TERM
Topical term or geographic name as entry element Chinese language
General subdivision Composition and exercises.
Source of heading or term BUEsh
650 #7 - SUBJECT ADDED ENTRY--TOPICAL TERM
Topical term or geographic name as entry element Chinese language
General subdivision Style.
Source of heading or term BUEsh
650 #7 - SUBJECT ADDED ENTRY--TOPICAL TERM
Topical term or geographic name as entry element Chinese language
Form subdivision Textbooks for foreign speakers.
Source of heading or term BUEsh
653 ## - INDEX TERM--UNCONTROLLED
Resource For college Humanities: Chinese
Arrived date list November2020
700 1# - ADDED ENTRY--PERSONAL NAME
Personal name Jianhua, Zhao,
Relator term editor.
700 1# - ADDED ENTRY--PERSONAL NAME
Personal name Bingyao, Zhu,
Relator term editor.
942 ## - ADDED ENTRY ELEMENTS (KOHA)
Source of classification or shelving scheme Dewey Decimal Classification
Koha item type Book - Borrowing
Holdings
Withdrawn status Lost status Source of classification or shelving scheme Damaged status Not for loan Collection code Home library Current library Shelving location Date acquired Source of acquisition Total Checkouts Full call number Barcode Date last seen Price effective from Koha item type
    Dewey Decimal Classification     Baccah Central Library Central Library Second Floor 17/11/2020 Purchase   808.04951 HAN 000050077 15/07/2025 17/11/2020 Book - Borrowing